World Summit on Sustainable Development (Record no. 120272)
[ view plain ]
| 000 -LEADER | |
|---|---|
| fixed length control field | 00717cam a2200181 4500 |
| 001 - CONTROL NUMBER | |
| control field | WS122020 |
| 008 - FIXED-LENGTH DATA ELEMENTS--GENERAL INFORMATION | |
| fixed length control field | 030416n 000 0 eng u |
| 035 ## - SYSTEM CONTROL NUMBER | |
| System control number | (Sirsi) u122020 |
| 110 ## - MAIN ENTRY--CORPORATE NAME | |
| Corporate name or jurisdiction name as entry element | United Nations |
| 9 (RLIN) | 2749 |
| 245 ## - TITLE STATEMENT | |
| Title | World Summit on Sustainable Development |
| 520 ## - SUMMARY, ETC. | |
| Summary, etc. | Web site for this conference on sustainable development held in Johannesburg from 26 August to 4 September 2002. Includes copies of papers presented and a summary of each days events. |
| 650 ## - SUBJECT ADDED ENTRY--TOPICAL TERM | |
| Topical term or geographic name entry element | SUSTAINABLE DEVELOPMENT |
| 650 ## - SUBJECT ADDED ENTRY--TOPICAL TERM | |
| Topical term or geographic name entry element | INTERNATIONAL |
| 650 ## - SUBJECT ADDED ENTRY--TOPICAL TERM | |
| Topical term or geographic name entry element | WORLD SUMMIT |
| 690 ## - LOCAL SUBJECT ADDED ENTRY--TOPICAL TERM (OCLC, RLIN) | |
| Topical term or geographic name as entry element | ENVIRONMENTAL AND LAND CONSULTANCY |
| 856 40 - ELECTRONIC LOCATION AND ACCESS | |
| Uniform Resource Identifier | <a href="https://www.un.org/events/wssd">https://www.un.org/events/wssd</a> |
| Public note | View the website free of charge at www.un.org... |
| 942 ## - ADDED ENTRY ELEMENTS (KOHA) | |
| Suppress in OPAC | 0 |
| Withdrawn status | Lost status | Source of classification or shelving scheme | Damaged status | Not for loan | Home library | Current library | Shelving location | Date acquired | Total Checkouts | Full call number | Barcode | Date last seen | Copy number | Price effective from | Koha item type |
|---|---|---|---|---|---|---|---|---|---|---|---|---|---|---|---|
| Dewey Decimal Classification | Virtual | Virtual | Online | 16/04/2003 | WEB SITE | 122020-1001 | 06/08/2019 | 1 | 06/08/2019 | Online material |